| 000 | 00528nam a22001337a 4500 | ||
|---|---|---|---|
| 999 |
_c8053 _d8054 |
||
| 008 | 190705b ||||| |||| 00| 0 eng d | ||
| 020 | _a9789993677048 | ||
| 082 | _a954.98 D39e 2017 | ||
| 100 | _aསངས་རྒྱས་དོན་གྲུབ། | ||
| 245 |
_aགནས་ཡིག་ཀུན་ཕན་ལམ་སྟོན། མོང་སྒར་རྫོང་ཁག། _bགླེགས་བམ་༣ པ། |
||
| 260 |
_aThimphu ; _bDepartment of Culture, _c2017. |
||
| 300 |
_aviii, 178 p. _c22 cm. |
||
| 942 | _2ddc | ||